|
|
|
|
| LEADER |
00000nab a2200000 a 4500 |
| 001 |
vtls000770676 |
| 003 |
SK-MaSNL |
| 005 |
20260304213931.0 |
| 008 |
250429c2001 xo 0 slo |
| 015 |
|
|
|a SNBRB2001/10-29146
|
| 035 |
|
|
|a CLN000122463
|
| 035 |
|
|
|a urn:nbn:sk:snk-ab217u
|
| 035 |
|
|
|a (urnnbn)urn:nbn:sk:snk:ar-a01ebf
|
| 035 |
|
|
|a (uuid)33dbbb16-98ff-40b7-87e4-9d3d53e069c8
|
| 040 |
|
|
|a SNKBUCL
|b slo
|c SNKBUCL
|e AACR2
|
| 041 |
0 |
|
|a slo
|
| 044 |
|
|
|a xo
|c SK
|
| 080 |
|
|
|a 78.071.2(048):786.2
|2 1997
|
| 080 |
|
|
|a 786.2
|2 1997
|
| 100 |
1 |
|
|a Serečinová, Andrea
|4 aut
|9 680704
|
| 245 |
1 |
0 |
|a Alfred Brendel: Schubert Piano Sonatas
|c Andrea Serečinová
|
| 300 |
|
|
|b Fotogr.
|
| 600 |
1 |
7 |
|a Brendel, Alfred,
|d 1931-2025
|2 snkbucl
|9 229783
|
| 630 |
0 |
7 |
|a Schubert Piano Sonatas (nahrávka CD)
|2 snkbucl
|9 1547350
|
| 650 |
0 |
7 |
|a nahrávky CD
|2 SNKPH
|9 19639
|
| 655 |
|
7 |
|a recenzie
|2 snkbucl
|9 21907
|
| 655 |
|
7 |
|a články z novín a časopisov
|2 snkbucl
|9 267496
|
| 773 |
0 |
|
|t Hudobný život
|g Roč. 33, č. 5 (2001), s. 46
|x 1335-4140
|
| 850 |
|
|
|a Slovenská národná knižnica
|
| 852 |
|
|
|a Slovenská národná knižnica
|
| 954 |
|
|
|a odborná, vedecká literatúra pôvodná (slovenská)
|2 lita
|
| 958 |
|
|
|a article27
|
| 958 |
|
|
|a OND
|
| 958 |
|
|
|a RC
|
| 958 |
|
|
|a EUIPO
|
| 992 |
|
|
|a RBX
|
| 999 |
|
|
|c 3138406
|d 3140336
|